|
|
|
|
| LEADER |
00668cam a2200193 7i4500 |
| 001 |
0000032710 |
| 005 |
20110121090000.0 |
| 008 |
110121 bm |
| 020 |
|
|
|a 9789831243725 (pbk.)
|
| 090 |
0 |
0 |
|a BJ1012
|b .T47 2008
|
| 245 |
0 |
0 |
|a Tertib peribadi
|c selenggaraan Zalida Adam.
|
| 260 |
|
|
|a Shah Alam, Selangor:
|b Alaf 21 Sdn. Bhd.,
|c 2008.
|
| 300 |
|
|
|a viii, 311 p.:
|b ill.;
|c 19 cm.
|
| 650 |
0 |
0 |
|a Ethics
|
| 650 |
0 |
0 |
|a Conduct of life
|
| 700 |
0 |
|
|a Zalida Adam
|
| 999 |
|
|
|a 0000045211
|b BOK
|c OPEN SHELF
|e 1st Floor, Bestari Jaya
|
| 999 |
|
|
|a 0000045212
|b BOK
|c OPEN SHELF
|e 1st Floor, Bestari Jaya
|
| 999 |
|
|
|a 0000045213
|b BOK
|c OPEN SHELF
|e 1st Floor, Shah Alam
|